000
00368nam a2200169Ia 4500
008
221030s9999 xx 000 0 und d
020
_a
8120327603
041
_a
English
082
_a
105.23
100
_a
K. Ogata
245
0
_a
Discrete - Time Control Systems
250
_a
2nd
260
_b
PHI
_a
New Delhi
_c
2007
300
_a
745
650
_a
EE
942
_c
BK
999
_c
5888
_d
5888